The professional / (Record no. 21311)
[ view plain ]
| 000 -LEADER | |
|---|---|
| fixed length control field | 00543nam a22001937a 4500 |
| 003 - CONTROL NUMBER IDENTIFIER | |
| control field | OSt |
| 008 - FIXED-LENGTH DATA ELEMENTS--GENERAL INFORMATION | |
| fixed length control field | 250320b2009 |||||||| |||| 00| 0 eng d |
| 020 ## - INTERNATIONAL STANDARD BOOK NUMBER | |
| International Standard Book Number | 9780670082957 |
| 082 ## - DEWEY DECIMAL CLASSIFICATION NUMBER | |
| Classification number | 174.4 |
| Item number | BAG-P |
| 100 ## - MAIN ENTRY--PERSONAL NAME | |
| Personal name | Bagchi, Subroto |
| 245 ## - TITLE STATEMENT | |
| Title | The professional / |
| Statement of responsibility, etc | Subroto Bagchi. |
| 260 ## - PUBLICATION, DISTRIBUTION, ETC. (IMPRINT) | |
| Place of publication, distribution, etc | New York : |
| Name of publisher, distributor, etc | Penguin Portfolio, |
| Date of publication, distribution, etc | 2009 |
| 300 ## - PHYSICAL DESCRIPTION | |
| Extent / Pages | xxi, 217 p. ; |
| 650 ## - SUBJECT ADDED ENTRY--TOPICAL TERM | |
| Topical term or geographic name as entry element | Professional ethics |
| 650 ## - SUBJECT ADDED ENTRY--TOPICAL TERM | |
| Topical term or geographic name as entry element | Workplace integrity |
| 650 ## - SUBJECT ADDED ENTRY--TOPICAL TERM | |
| Topical term or geographic name as entry element | Leadership and responsibility |
| 650 ## - SUBJECT ADDED ENTRY--TOPICAL TERM | |
| Topical term or geographic name as entry element | Decision-making and accountability |
| 942 ## - ADDED ENTRY ELEMENTS (KOHA) | |
| Source of classification or shelving scheme | |
| Koha item type | Books |
| Withdrawn status | Lost status | Source of classification or shelving scheme | Damaged status | Not for loan | Home library | Current library | Date acquired | Currency | Cost, normal purchase price | Total Checkouts | Full call number | Barcode | Date last seen | Copy number | Bill Date | Koha item type |
|---|---|---|---|---|---|---|---|---|---|---|---|---|---|---|---|---|
| SOBD Library | SOBD Library | 20/03/2025 | INR | 399.00 | 174.4 BAG-P1 | SD2230 | 20/03/2025 | 1 | 20/03/2025 | Books |